| 000 | 00500nam a2200217Ia 4500 | ||
|---|---|---|---|
| 003 | OSt | ||
| 005 | 20220528123030.0 | ||
| 008 | 210210b1992 xxu||||| |||| 00| 0 eng d | ||
| 020 | _a8170404975 | ||
| 040 | _cAL | ||
| 041 | _aEnglish | ||
| 082 | _a581 SUNC | ||
| 100 |
_aSUNDARA RAJAN (S). _939477 |
||
| 245 | _aCollege botany V4 | ||
| 260 |
_aDelhi _bHimalaya Publishing House _c1992 |
||
| 300 | _a794 | ||
| 440 |
_a4 _939478 |
||
| 690 |
_aBotany _939479 |
||
| 906 | _a046258 | ||
| 942 |
_2ddc _cBK |
||
| 999 |
_c95807 _d95807 |
||